[Event "GER CCM-E03-C email"]
[Site "GER email"]
[Date "2019.06.19"]
[Round "?"]
[White "Davidov, Deian Nikolov"]
[Black "Schulz, Rene"]
[Result "1/2-1/2"]
[WhiteElo "2248"]
[BlackElo "2261"]
[PlyCount "80"]
[EventDate "2019.??.??"]
[EventType "tourn (corr)"]
[EventRounds "13"]
[EventCountry "GER"]
[SourceTitle "Corr 2022"]
[Source "ChessBase"]
[SourceDate "2021.10.24"]
[SourceVersion "1"]
[SourceVersionDate "2021.10.24"]
[SourceQuality "1"]

1. e4 e5 2. Bc4 Nf6 3. d3 Nc6 4. Nf3 Be7 5. 0-0 0-0 6. Re1 d6 7. a4 Na5 8. Ba2 c5 9. Na3 Be6 10. Bxe6 fxe6 11. c3 a6 12. h3 Nc6 13. Bd2 Rb8 14. Nc2 Rc8 15. b4 cxb4 16. Nxb4 Na5 17. d4 Nc4 18. Nd3 Nd7 19. Be3 Qc7 20. Qb3 Rfe8 21. Rab1 b6 22. Bc1 h6 23. Qd1 Bf8 24. g4 Be7 25. h4 Rf8 26. g5 Qd8 27. gxh6 Bxh4 28. Kg2 Qf6 29. hxg7 Rf7 30. Rh1 Qg6+ 31. Kf1 Bd8 32. Rh8+ Kxg7 33. Rh3 Qxe4 34. dxe5 Kg8 35. exd6 Rh7 36. Rg3+ Kf7 37. Rb4 Rh1+ 38. Ng1 Bf6 39. Nf4 Rhh8 40. Nh5 Qd5 1/2-1/2

[Event "GER CCM-E03-C email"]
[Site "GER email"]
[Date "2019.06.19"]
[Round "?"]
[White "Davidov, Deian Nikolov"]
[Black "Vera Cruz Jr, Aguinaldo"]
[Result "1-0"]
[WhiteElo "2248"]
[BlackElo "2248"]
[PlyCount "69"]
[EventDate "2019.??.??"]
[EventType "tourn (corr)"]
[EventRounds "13"]
[EventCountry "GER"]
[SourceTitle "Corr 2020"]
[Source "ChessBase"]
[SourceDate "2019.09.30"]
[SourceVersion "1"]
[SourceVersionDate "2019.09.30"]
[SourceQuality "1"]

1. e4 e5 2. Nf3 Nc6 3. Bb5 a6 4. Ba4 Nge7 5. c3 g6 6. d4 exd4 7. cxd4 b5 8. Bc2 d5 9. exd5 Nxd5 10. 0-0 Be6 11. Nc3 Bg7 12. Bg5 Nxc3 13. bxc3 Qd7 14. Be4 f5 15. Bc2 Na5 16. h4 Nc4 17. h5 0-0 18. h6 Bh8 19. Bb3 Rae8 20. Re1 Bf7 21. a4 Nb2 22. Qc2 Nxa4 23. c4 Nb6 24. cxb5 axb5 25. Bxf7+ Qxf7 26. Ne5 Bxe5 27. dxe5 Qc4 28. Qb2 Rf7 29. Rac1 Na4 30. Qb1 Nc3 31. Rxc3 Qxc3 32. e6 Rff8 33. Kh2 Qa3 34. f4 c6 35. Qd1 1-0

[Event "GER CCM-E03-C email"]
[Site "GER email"]
[Date "2019.06.19"]
[Round "?"]
[White "Hartwich, Andreas"]
[Black "Davidov, Deian Nikolov"]
[Result "1/2-1/2"]
[WhiteElo "2256"]
[BlackElo "2248"]
[PlyCount "59"]
[EventDate "2019.??.??"]
[EventType "tourn (corr)"]
[EventRounds "13"]
[EventCountry "GER"]
[SourceTitle "Corr 2022"]
[Source "ChessBase"]
[SourceDate "2021.10.24"]
[SourceVersion "1"]
[SourceVersionDate "2021.10.24"]
[SourceQuality "1"]

1. d4 d5 2. c4 dxc4 3. Nf3 Nf6 4. e3 e6 5. Bxc4 c5 6. 0-0 a6 7. Bb3 cxd4 8. exd4 Nc6 9. Nc3 Be7 10. Bg5 0-0 11. Qd2 Na5 12. Bc2 b5 13. Qf4 Bb7 14. Qh4 g6 15. Be4 Re8 16. Rac1 Nxe4 17. Nxe4 Bxe4 18. Bxe7 Qxe7 19. Qxe4 Nc4 20. b3 Nd6 21. Qf4 Rad8 22. Rfd1 Nf5 23. Rc7 e5 24. Rxe7 exf4 25. Rxe8+ Rxe8 26. Kf1 Rc8 27. Ke2 f6 28. d5 Kf7 29. Nd4 Nxd4+ 30. Rxd4 1/2-1/2

[Event "GER CCM-E03-C email"]
[Site "GER email"]
[Date "2019.06.19"]
[Round "?"]
[White "Klewe, Wolfgang"]
[Black "Davidov, Deian Nikolov"]
[Result "1/2-1/2"]
[WhiteElo "2243"]
[BlackElo "2248"]
[PlyCount "65"]
[EventDate "2019.??.??"]
[EventType "tourn (corr)"]
[EventRounds "13"]
[EventCountry "GER"]
[SourceTitle "Corr 2020"]
[Source "ChessBase"]
[SourceDate "2019.09.30"]
[SourceVersion "1"]
[SourceVersionDate "2019.09.30"]
[SourceQuality "1"]

1. d4 d5 2. c4 dxc4 3. e3 Nf6 4. Bxc4 e6 5. Nf3 c5 6. 0-0 a6 7. Qe2 b5 8. Bd3 cxd4 9. a4 bxa4 10. exd4 Be7 11. Nc3 Nc6 12. Bg5 Nb4 13. Ne5 Bd7 14. Bxf6 Bxf6 15. Ne4 Be7 16. Qh5 g6 17. Qh6 Nxd3 18. Qg7 Rf8 19. Nxd3 Bc6 20. Rfe1 a3 21. bxa3 Bxe4 22. Rxe4 Bf6 23. Qh6 Bxd4 24. Rc1 Qd5 25. Qf4 Rd8 26. Nb4 Qd6 27. Qxd6 Rxd6 28. Rc8+ Kd7 29. Rxf8 Bg7 30. Rxf7+ Ke8 31. Kf1 Kxf7 32. Ke2 a5 33. Nd3 1/2-1/2

[Event "GER CCM-E03-C email"]
[Site "GER email"]
[Date "2019.06.19"]
[Round "?"]
[White "Ronquillo Tamarit, Walfredo"]
[Black "Davidov, Deian Nikolov"]
[Result "1/2-1/2"]
[WhiteElo "2229"]
[BlackElo "2248"]
[PlyCount "55"]
[EventDate "2019.??.??"]
[EventType "tourn (corr)"]
[EventRounds "13"]
[EventCountry "GER"]
[SourceTitle "Corr 2022"]
[Source "ChessBase"]
[SourceDate "2021.10.24"]
[SourceVersion "1"]
[SourceVersionDate "2021.10.24"]
[SourceQuality "1"]

1. e4 c6 2. d4 d5 3. e5 Bf5 4. Nf3 e6 5. Be2 c5 6. Be3 cxd4 7. Nxd4 Ne7 8. 0-0 Nbc6 9. Bb5 a6 10. Bxc6+ bxc6 11. c4 Qd7 12. cxd5 Nxd5 13. Nxf5 exf5 14. Bd4 Qe6 15. Qa4 Nf4 16. Nc3 Be7 17. Rad1 0-0 18. g3 Nd5 19. Nxd5 cxd5 20. Rd3 Rfc8 21. Bc3 Rc4 22. Qa5 Rd8 23. Rfd1 h5 24. Rxd5 Rdc8 25. R1d4 Rxd4 26. Rxd4 Rc5 27. Qa4 Rxe5 28. Qc4 1/2-1/2